Czy wiesz czyja to płyta? - Polski rap - Statystyki

Ogólne statystyki
  • Ten quiz został rozwiązany 5 741 razy
  • Średni wynik to 15 z 32
Statystyki odpowiedzi
Płyta Wykonawca % Poprawnych
Kwiat polskiej młodzieży Bedoes
91%
Trapollo Żabson
88%
Nowy Kolor Otsochodzi
87%
Egzotyka Quebonafide
87%
Atypowy Szpaku
84%
Soma Taconafide
81%
Klubowe Tymek
81%
Boa Reto
76%
BORuto Szpaku
76%
H8M4 Białas
72%
Eklektyka Quebonafide
70%
Czerwony dywan Paluch
68%
Złota owca Paluch
66%
Antihype Sarius
65%
POLON Białas
64%
777 Zeamsone
54%
HYPER2000 Białas
49%
Moda PlanBe
48%
Nowy Pop Beteo
42%
Bejbi Beteo
36%
Blackout Kartky
36%
Rehab Białas
31%
Wszystko co złe Sarius
31%
Młody Bukowski Filipek
19%
Gra na emocjach Filipek
14%
SUR VBS x Przyłu
7%
Wielkie sny Sitek
6%
Ponad Tym Sulin
6%
Taksydermia Sulin
4%
Konsekwentnie ZBUKU
4%
Poczuć więcej Dzakob
1%
Chemia PIT
1%
Nie znaleziono quizów pasujących do podanych kryteriów
Rozkład punktacji
Procent ludzi z każdym wynikiem
Percentyl według liczby udzielonych odpowiedzi
Twoja historia wyników
Nie rozwiązałeś tego quizu